[Event "GER-ch 71st"]
[Site "Altenkirchen"]
[Date "1999.11.17"]
[Round "6"]
[White "Seger, Ruediger"]
[Black "Dautov, Rustem"]
[Result "0-1"]
[WhiteElo "2412"]
[BlackElo "2597"]
[EventDate "1999.11.12"]
[PlyCount "78"]

1. e4 c5 2. c3 d5 3. exd5 Qxd5 4. d4 g6 5. Nf3 Bg7 6. Be3 cxd4 7. cxd4 Qa5+ 8. Nc3 Nh6 9. Qb3 O-O 10. Bc4 Nf5 11. O-O Nd6 12. Be2 Bg4 13. Rad1 Nc6 14. h3 Bxf3 15. Bxf3 Rab8 16. Be4 Rfd8 17. Bb1 Qc7 18. Rfe1 b5 19. Qc2 Nf5 20. d5 Na5 21. Bc1 Qd7 22. Qe2 b4 23. Bxf5 Qxf5 24. g4 Qd7 25. Ne4 Qb5 26. Qf3 Nc4 27. Ng5 Qe8 28. b3 Nd6 29. Qg3 h6 30. Nf3 Rbc8 31. Ne5 Rc3 32. Qf4 Rxh3 33. Nc6 Rd7 34. f3 h5 35. Qxb4 hxg4 36. fxg4 f5 37. Qa4 Rg3+ 38. Kf2 Rxg4 39. Ne5 Rxa4 0-1

[Event "GER-ch 71st"]
[Site "Altenkirchen"]
[Date "1999.11.17"]
[Round "6"]
[White "Walter, Guenter"]
[Black "Von Herman, Ulf"]
[Result "0-1"]
[WhiteElo "2305"]
[BlackElo "2407"]
[EventDate "1999.11.12"]
[PlyCount "104"]

1. d4 d5 2. c4 c6 3. Nc3 Nf6 4. e3 a6 5. Nf3 Bg4 6. Be2 e6 7. O-O Nbd7 8. b3 Bd6 9. Bb2 O-O 10. h3 Bh5 11. Qc2 Qe7 12. e4 Bg6 13. Bd3 dxc4 14. bxc4 e5 15. dxe5 Nxe5 16. Nxe5 Bxe5 17. Rae1 Qc7 18. Nd1 Rfe8 19. Bxe5 Qxe5 20. f4 Qd4+ 21. Nf2 Nh5 22. f5 Ng3 23. fxg6 hxg6 24. Rd1 Nxf1 25. Bxf1 Qc5 26. Qd3 Re5 27. Qd4 Qxd4 28. Rxd4 Ra5 29. Rd2 Re8 30. Bd3 Rd8 31. Kf1 Ra3 32. Ke2 b5 33. Rb2 Rd4 34. cxb5 axb5 35. Bc2 Rg3 36. Bb3 c5 37. Bd5 b4 38. Rc2 Rc3 39. Rb2 Kf8 40. g4 g5 41. Rd2 Rxd2+ 42. Kxd2 Ke7 43. e5 Rg3 44. Ne4 Rxh3 45. Nxg5 Rg3 46. Nxf7 Rxg4 47. Ke3 Rd4 48. Bb3 c4 49. Nd6 Rd3+ 50. Ke4 cxb3 51. Nf5+ Kf8 52. Kxd3 bxa2 0-1

[Event "GER-ch 71st"]
[Site "Altenkirchen"]
[Date "1999.11.18"]
[Round "7"]
[White "Bischoff, Klaus"]
[Black "Lutz, Christopher"]
[Result "1-0"]
[WhiteElo "2509"]
[BlackElo "2591"]
[EventDate "1999.11.12"]
[PlyCount "77"]

1. c4 e6 2. Nc3 d5 3. d4 Be7 4. cxd5 exd5 5. Bf4 c6 6. e3 Bf5 7. Nge2 Nd7 8. h3 Bg6 9. Bh2 Qb6 10. Qd2 Ngf6 11. f3 h6 12. g4 Bh7 13. Bg2 O-O 14. O-O Rfd8 15. Kh1 c5 16. Nf4 Nf8 17. dxc5 Qxc5 18. Rfd1 Bd6 19. Bg1 d4 20. Qxd4 Qa5 21. Nfd5 Nxd5 22. Qxd5 Qb6 23. Qb3 Qxb3 24. axb3 Bc2 25. Rdc1 Bxb3 26. f4 Rd7 27. Nb5 Bb4 28. Nd4 Bd5 29. e4 Bc6 30. Nxc6 bxc6 31. e5 Bd2 32. Rxc6 Rb8 33. f5 Rxb2 34. e6 fxe6 35. fxe6 Nxe6 36. Rxe6 a5 37. Re8+ Kf7 38. Re2 Kg8 39. Rxa5 1-0

[Event "GER-ch 71st"]
[Site "Altenkirchen"]
[Date "1999.11.18"]
[Round "7"]
[White "Blum, Gernot"]
[Black "Dettmann, Gerd"]
[Result "1-0"]
[WhiteElo "2128"]
[BlackElo "2184"]
[EventDate "1999.11.12"]
[PlyCount "65"]

1. e4 g6 2. d4 Bg7 3. Bc4 c6 4. Nc3 b5 5. Bb3 b4 6. Qf3 e6 7. Nce2 d5 8. e5 f5 9. Nh3 Nd7 10. O-O Ba6 11. Re1 Bxe2 12. Qxe2 Qb6 13. Nf4 Kf7 14. c4 bxc3 15. bxc3 Ne7 16. Ba3 a5 17. Rab1 Qa6 18. Qf3 Rhb8 19. Bd6 a4 20. Bc2 Rxb1 21. Rxb1 Ra7 22. Bd3 Qc8 23. h4 Bh6 24. Kh2 Ra5 25. Nh3 Ra7 26. g4 c5 27. gxf5 Nxf5 28. Bxf5 exf5 29. Qxd5+ Kg7 30. Ng5 Bxg5 31. hxg5 h6 32. e6 Nf8 33. Rb8 1-0

[Event "GER-ch 71st"]
[Site "Altenkirchen"]
[Date "1999.11.18"]
[Round "7"]
[White "Gottschling, Stefan"]
[Black "Riediger, Martin"]
[Result "1/2-1/2"]
[WhiteElo "2243"]
[BlackElo "2230"]
[EventDate "1999.11.12"]
[PlyCount "49"]

1. e4 e5 2. Nf3 Nc6 3. Bb5 Nf6 4. O-O Nxe4 5. d4 Nd6 6. dxe5 Nxb5 7. a4 Nbd4 8. Nxd4 Nxd4 9. Qxd4 d5 10. Nc3 c6 11. a5 Bf5 12. f4 Qc8 13. Rf2 Be7 14. Be3 O-O 15. Na4 Qe6 16. Qc3 f6 17. Nc5 Qc8 18. b4 fxe5 19. fxe5 Bxc5 20. Bxc5 Rf7 21. Raf1 Qe6 22. Qd4 a6 23. g4 Be4 24. h3 Rxf2 25. Qxf2 1/2-1/2

[Event "GER-ch 71st"]
[Site "Altenkirchen"]
[Date "1999.11.18"]
[Round "7"]
[White "Grund, Holger"]
[Black "Seger, Ruediger"]
[Result "1-0"]
[WhiteElo "2482"]
[BlackElo "2412"]
[EventDate "1999.11.12"]
[PlyCount "37"]

1. e4 c6 2. d4 d5 3. exd5 cxd5 4. c4 Nf6 5. Nc3 e6 6. Nf3 Bb4 7. cxd5 Nxd5 8. Qc2 Nc6 9. Bd3 Ba5 10. Be4 Nxc3 11. bxc3 Nxd4 12. Qa4+ Nc6 13. O-O Bd7 14. Rd1 Bc7 15. Ba3 Qf6 16. Rxd7 Kxd7 17. Bxc6+ Kc8 18. Qb5 Rb8 19. Bd7+ 1-0

[Event "GER-ch 71st"]
[Site "Altenkirchen"]
[Date "1999.11.18"]
[Round "7"]
[White "Hickl, Joerg"]
[Black "Jussupow, Artur"]
[Result "1/2-1/2"]
[WhiteElo "2552"]
[BlackElo "2636"]
[EventDate "1999.11.12"]
[PlyCount "42"]

1. e4 e5 2. Nf3 Nc6 3. c3 d5 4. Bb5 dxe4 5. Nxe5 Qd5 6. Qa4 Qxe5 7. Bxc6+ bxc6 8. Qxc6+ Kd8 9. Qxa8 Nf6 10. Na3 Qg5 11. g3 Qh5 12. Nc4 Bc5 13. d4 exd3 14. O-O Re8 15. h4 Bxf2+ 16. Rxf2 Re1+ 17. Rf1 Rxf1+ 18. Kxf1 Qd1+ 19. Kg2 Qe2+ 20. Kg1 Qe1+ 21. Kg2 Qe2+ 1/2-1/2

[Event "GER-ch 71st"]
[Site "Altenkirchen"]
[Date "1999.11.18"]
[Round "7"]
[White "Huebner, Robert"]
[Black "Dautov, Rustem"]
[Result "1/2-1/2"]
[WhiteElo "2599"]
[BlackElo "2597"]
[EventDate "1999.11.12"]
[PlyCount "41"]

1. d4 Nf6 2. c4 e6 3. Nf3 b6 4. g3 Ba6 5. Qa4 Bb7 6. Bg2 c5 7. dxc5 Bxc5 8. O-O O-O 9. Nc3 Be7 10. Rd1 Na6 11. Bf4 Nc5 12. Qc2 Qc8 13. Rac1 Nce4 14. Nd4 Nxc3 15. Qxc3 a6 16. Bf3 d6 17. Nb3 Rd8 18. Qe3 Rb8 19. Bxb7 Qxb7 20. f3 Rbc8 21. Qd3 1/2-1/2

[Event "GER-ch 71st"]
[Site "Altenkirchen"]
[Date "1999.11.18"]
[Round "7"]
[White "Kersten, Uwe"]
[Black "Gutman, Lev"]
[Result "0-1"]
[WhiteElo "2366"]
[BlackElo "2471"]
[EventDate "1999.11.12"]
[PlyCount "72"]

1. e4 c5 2. Nf3 d6 3. d4 cxd4 4. Nxd4 Nf6 5. Nc3 a6 6. Bg5 e6 7. f4 Qb6 8. Qd2 Nc6 9. Bxf6 gxf6 10. Nb3 Bd7 11. O-O-O O-O-O 12. Be2 h5 13. Kb1 Kb8 14. Rhf1 Be7 15. Rf3 Rc8 16. Rh3 Na5 17. Bxh5 Nc4 18. Qe1 d5 19. exd5 Bb4 20. g4 e5 21. fxe5 Rxh5 22. Rxh5 Bxg4 23. Rh6 Bxd1 24. Rxf6 Bxc3 25. bxc3 Qe3 26. Qxe3 Nxe3 27. d6 Bxc2+ 28. Kc1 Bxb3 29. axb3 Ng4 30. Rxf7 Nxe5 31. Re7 Rxc3+ 32. Kd2 Rd3+ 33. Kc2 Rd5 34. Re8+ Ka7 35. h4 Nc6 36. Re6 Nd4+ {und WeiA gab auf.} 0-1

[Event "GER-ch 71st"]
[Site "Altenkirchen"]
[Date "1999.11.18"]
[Round "7"]
[White "Kindermann, Stefan"]
[Black "Slobodjan, Roman"]
[Result "0-1"]
[WhiteElo "2527"]
[BlackElo "2550"]
[EventDate "1999.11.12"]
[PlyCount "74"]

1. e4 e5 2. Nf3 Nc6 3. Bb5 a6 4. Ba4 Nf6 5. O-O Be7 6. Re1 b5 7. Bb3 d6 8. c3 O-O 9. h3 Re8 10. d4 Bb7 11. Nbd2 Bf8 12. d5 Nb8 13. Nf1 h6 14. Ng3 c6 15. dxc6 Bxc6 16. Nh2 Nbd7 17. Ng4 Nxg4 18. hxg4 Nc5 19. Bd5 Bxd5 20. Qxd5 Na4 21. Nf5 Re6 22. Qd1 Rc8 23. Qe2 Nc5 24. f3 g6 25. Ne3 Be7 26. Nd5 Bh4 27. Rd1 Bg3 28. Ne3 Bf4 29. Nf1 Bxc1 30. Raxc1 Kg7 31. Rd2 Qe7 32. Rcd1 Rh8 33. b3 h5 34. gxh5 Rxh5 35. Rd5 Rf6 36. Qd2 Rf4 37. Rxd6 Nxe4 0-1

[Event "GER-ch 71st"]
[Site "Altenkirchen"]
[Date "1999.11.18"]
[Round "7"]
[White "Krause, Ullrich"]
[Black "Holzhaeuer, Mathias"]
[Result "1-0"]
[WhiteElo "2263"]
[BlackElo "2334"]
[EventDate "1999.11.12"]
[PlyCount "81"]

1. Nf3 Nf6 2. g3 b5 3. Bg2 Bb7 4. O-O e6 5. d3 d5 6. Nbd2 c5 7. e4 Nc6 8. exd5 exd5 9. Re1+ Be7 10. Nh4 Qd7 11. Nb3 O-O 12. Bg5 Rfd8 13. Bxf6 gxf6 14. Qh5 Bf8 15. Nf5 c4 16. Nc5 Qc7 17. Nxb7 Qxb7 18. Re4 dxe4 19. Bxe4 h6 20. Nxh6+ Bxh6 21. Qxh6 Qc7 22. Re1 Ne5 23. Bh7+ Kh8 24. Bg6+ Kg8 25. Bh7+ Kh8 26. Qxf6+ Kxh7 27. Rxe5 Qxe5 28. Qxe5 cxd3 29. cxd3 a6 30. Qf6 Kg8 31. h4 Re8 32. h5 Re6 33. Qg5+ Kh7 34. Qf5+ Kg7 35. Qg5+ Kh7 36. g4 Rg8 37. Qf5+ Kh6 38. Kg2 Rg7 39. Kg3 Rb6 40. Kh4 f6 41. f4 1-0

[Event "GER-ch 71st"]
[Site "Altenkirchen"]
[Date "1999.11.18"]
[Round "7"]
[White "Mueller, Karsten"]
[Black "Reefschlaeger, Helmut"]
[Result "1-0"]
[WhiteElo "2533"]
[BlackElo "2381"]
[EventDate "1999.11.12"]
[PlyCount "65"]

1. e4 e6 2. d4 d5 3. Nc3 Nf6 4. Bg5 Bb4 5. exd5 Qxd5 6. Bxf6 Bxc3+ 7. bxc3 gxf6 8. Nf3 b6 9. Bd3 Bb7 10. O-O Rg8 11. Kh1 Nd7 12. Re1 Qh5 13. Re3 O-O-O 14. Ne1 Qxd1 15. Rxd1 f5 16. Bf1 Nf6 17. Kg1 c5 18. Rh3 h5 19. Be2 cxd4 20. cxd4 Nd5 21. Bxh5 Nf4 22. Rc3+ Kb8 23. Bf3 e5 24. dxe5 Rxd1 25. Bxd1 Nxg2 26. Rg3 Rd8 27. Nd3 Nf4 28. h4 Be4 29. h5 Bxd3 30. cxd3 Nxd3 31. h6 Nxe5 32. h7 Ng6 33. Bb3 1-0

[Event "GER-ch 71st"]
[Site "Altenkirchen"]
[Date "1999.11.18"]
[Round "7"]
[White "Riegler, Dieter"]
[Black "Janz, Frerik"]
[Result "1/2-1/2"]
[WhiteElo "2194"]
[BlackElo "2284"]
[EventDate "1999.11.12"]
[PlyCount "25"]

1. d4 d5 2. Nf3 Nf6 3. c4 dxc4 4. Qa4+ Nc6 5. Qxc4 Be6 6. Qd3 Bg4 7. Nbd2 e6 8. a3 Bxf3 9. Nxf3 Qd5 10. e3 Bd6 11. Qc2 O-O 12. Bc4 Qh5 13. Be2 1/2-1/2

[Event "GER-ch 71st"]
[Site "Altenkirchen"]
[Date "1999.11.18"]
[Round "7"]
[White "Rohde, Ulrich"]
[Black "Heinemann, Thies"]
[Result "0-1"]
[WhiteElo "2290"]
[BlackElo "2489"]
[EventDate "1999.11.12"]
[PlyCount "187"]

1. Nf3 c5 2. c4 Nf6 3. Nc3 b6 4. g3 Bb7 5. Bg2 e6 6. O-O Be7 7. Re1 O-O 8. e4 a6 9. e5 Ne8 10. d4 cxd4 11. Qxd4 d6 12. Be3 Nd7 13. Red1 Bxf3 14. Bxf3 Nxe5 15. Bxa8 Qxa8 16. Qe4 Qxe4 17. Nxe4 Nxc4 18. Bd4 d5 19. Nd2 b5 20. b3 Ncd6 21. Rac1 Nf6 22. Rc7 Nf5 23. Bb2 a5 24. Rdc1 b4 25. Nf3 Bd8 26. R7c6 Ne4 27. R1c2 h5 28. Nd4 Ne7 29. Ra6 e5 30. Nf3 f6 31. Nd2 Nxd2 32. Rxd2 d4 33. Rd6 Kf7 34. Kg2 Nf5 35. Ra6 Re8 36. a3 Re6 37. Ra7+ Re7 38. Ra8 Rd7 39. axb4 axb4 40. Kf3 Nd6 41. Bxd4 exd4 42. Rxd4 Be7 43. Rxb4 Nf5 44. Rbb8 Rd3+ 45. Ke4 Rd2 46. Ra5 g6 47. Kf3 Rb2 48. Rb7 Nd4+ 49. Ke3 Rxb3+ 50. Rxb3 Nxb3 51. Rb5 Nc5 52. h3 Nd7 53. f4 Ke6 54. Kf3 Bd6 55. Rb2 Nc5 56. Re2+ Kf7 57. Rd2 Be7 58. Ra2 Ne6 59. Ra7 Nd4+ 60. Ke4 Nb5 61. Ra5 Nd6+ 62. Kf3 h4 63. gxh4 f5 64. h5 gxh5 65. Ra8 Ne8 66. Ra5 Ng7 67. Ra6 Ne6 68. Ra7 Kf6 69. Ra6 Bd8 70. Kg3 Kf7 71. Ra7+ Kg6 72. Kf3 Bf6 73. Ra6 Kf7 74. Ra7+ Be7 75. Ra5 Kf6 76. Ra6 Bb4 77. Rb6 Bd2 78. Rd6 Bxf4 79. Ra6 h4 80. Kg2 Bg3 81. Kf3 Kf7 82. Ra5 Ng7 83. Ra7+ Kf6 84. Ra6+ Kg5 85. Ra7 Ne6 86. Ra1 Nd4+ 87. Kg2 Kf4 88. Ra3 Ke4 89. Ra8 Ne6 90. Ra4+ Nd4 91. Ra8 Be5 92. Ra4 f4 93. Ra3 Nf5 94. Ra4+ 0-1

[Event "GER-ch 71st"]
[Site "Altenkirchen"]
[Date "1999.11.18"]
[Round "7"]
[White "Schmidt, Reiner"]
[Black "Bruch, Jochen"]
[Result "1/2-1/2"]
[WhiteElo "2144"]
[BlackElo "2320"]
[EventDate "1999.11.12"]
[PlyCount "57"]

1. d4 Nf6 2. Nf3 g6 3. Bg5 Bg7 4. Nbd2 O-O 5. e3 d6 6. c3 Nbd7 7. Be2 Qe8 8. O-O e5 9. dxe5 dxe5 10. e4 Nc5 11. Bxf6 Bxf6 12. b4 Ne6 13. Re1 Qe7 14. Qc2 Nf4 15. Bf1 Rd8 16. Nc4 Bg7 17. Ne3 c6 18. a4 a5 19. Red1 Rxd1 20. Rxd1 axb4 21. cxb4 Ne6 22. b5 Nd4 23. Nxd4 exd4 24. Nc4 Qc5 25. Qb1 Bg4 26. Rc1 Bh6 27. Rc2 cxb5 28. Ne3 Qh5 29. Nd5 1/2-1/2

[Event "GER-ch 71st"]
[Site "Altenkirchen"]
[Date "1999.11.18"]
[Round "7"]
[White "Schunk, Eduard"]
[Black "Kaster, Martin"]
[Result "0-1"]
[WhiteElo "2260"]
[BlackElo "2072"]
[EventDate "1999.11.12"]
[PlyCount "132"]

1. e4 c6 2. d4 d5 3. e5 Bf5 4. Nf3 e6 5. Be2 c5 6. O-O Nc6 7. c3 Qb6 8. dxc5 Bxc5 9. b4 Be7 10. Qa4 Kf8 11. b5 Qa5 12. Qb3 Nb8 13. c4 Be4 14. cxd5 Bxd5 15. Bc4 Bxc4 16. Qxc4 Nd7 17. Be3 Bd8 18. a4 Ne7 19. Qe4 Nd5 20. Bd2 Qc7 21. Rc1 Nc5 22. Qe2 Be7 23. Ra2 Qd7 24. Bg5 Rc8 25. Rd1 h6 26. Be3 g6 27. h4 Kg7 28. Bxc5 Rxc5 29. Rad2 Qc7 30. h5 g5 31. Nd4 Nf4 32. Qf3 Rxe5 33. g3 Nd5 34. Rc2 Qa5 35. Nd2 Qxa4 36. Nc4 Bf6 37. Nxe5 Bxe5 38. Rcd2 Bxd4 39. Rxd4 Qxb5 40. Kh2 Rc8 41. R4d3 Rc2 42. Kg1 Qc6 43. Qe4 Nf6 44. Qe1 Qc5 45. R3d2 Rc4 46. Rb2 b6 47. Ra1 Rc3 48. Kg2 g4 49. Rba2 a5 50. Rb2 Rf3 51. Rab1 Qxh5 52. Rxb6 Qh3+ 53. Kg1 Rf5 54. Qf1 Qh5 55. R6b5 Ne4 56. Rxf5 Qxf5 57. Rb5 e5 58. Qe2 f6 59. Rxa5 Ng5 60. Ra7+ Kg6 61. Ra1 h5 62. Rd1 h4 63. gxh4 Nh3+ 64. Kf1 g3 65. h5+ Kh7 66. Qd3 g2+ 0-1

[Event "GER-ch 71st"]
[Site "Altenkirchen"]
[Date "1999.11.18"]
[Round "7"]
[White "Suhl, Dirk"]
[Black "Kaeser, Udo"]
[Result "0-1"]
[WhiteElo "2360"]
[BlackElo "2334"]
[EventDate "1999.11.12"]
[PlyCount "70"]

1. Nf3 e6 2. g3 b6 3. Bg2 Bb7 4. O-O g6 5. c4 Bg7 6. Nc3 Ne7 7. d4 O-O 8. Bf4 d6 9. Qd2 Nd7 10. Bh6 Nf6 11. Bxg7 Kxg7 12. Qc2 a6 13. Rfd1 Qb8 14. e4 b5 15. e5 Nd7 16. b3 b4 17. exd6 cxd6 18. Ne2 Nf6 19. Qb2 d5 20. c5 Nc6 21. Nf4 Ne4 22. Re1 Kg8 23. h4 Qd8 24. Nh2 Qf6 25. Bxe4 Nxd4 26. Kf1 dxe4 27. Ng4 Qg7 28. h5 e5 29. h6 Qh8 30. c6 Bxc6 31. Red1 Rad8 32. Ng2 Bb5+ 33. Kg1 f5 34. N4e3 Qf6 35. Nc4 f4 0-1

[Event "GER-ch 71st"]
[Site "Altenkirchen"]
[Date "1999.11.18"]
[Round "7"]
[White "Voigt, Roland"]
[Black "Mueller, Matthias"]
[Result "1/2-1/2"]
[WhiteElo "2147"]
[BlackElo "2403"]
[EventDate "1999.11.12"]
[PlyCount "183"]

1. e4 e5 2. Nf3 Nc6 3. d4 exd4 4. Nxd4 Nf6 5. Nxc6 bxc6 6. e5 Qe7 7. Qe2 Nd5 8. c4 Nb6 9. b3 Qe6 10. a3 g6 11. Bb2 Bg7 12. Nd2 O-O 13. f4 d6 14. Nf3 Ba6 15. g3 Rab8 16. Bg2 c5 17. O-O d5 18. Ng5 Qe7 19. Rae1 dxc4 20. Bc1 f6 21. Nxh7 Kxh7 22. f5 Qxe5 23. fxg6+ Kg8 24. Be4 Rfe8 25. Qg4 Qd4+ 26. Rf2 Nd7 27. Qh4 Nf8 28. Bb2 c3 29. Bxc3 Rxe4 30. Qxe4 Qxe4 31. Rxe4 Rxb3 32. Bd2 Rb1+ 33. Re1 Rxe1+ 34. Bxe1 Nxg6 35. Rc2 Bf8 36. Bf2 Bd3 37. Rc3 c4 38. Bxa7 Bd6 39. Bd4 Ne7 40. Rc1 Bxa3 41. Ra1 Bd6 42. Bxf6 Kf7 43. Bd4 Nf5 44. Bc3 Bc5+ 45. Kg2 Bd4 46. Bxd4 Nxd4 47. Kf2 c5 48. Ra5 Nb3 49. Rb5 Bc2 50. h4 c3 51. Rb7+ Ke6 52. Rb6+ Kd5 53. h5 Bd1 54. h6 c2 55. h7 c1=Q 56. h8=Q Qd2+ 57. Kg1 Qd4+ 58. Qxd4+ Nxd4 59. Kf2 c4 60. Rb1 Bc2 61. Rh1 c3 62. Ke3 Bg6 63. Kf4 c2 64. Kg5 Be4 65. Rc1 Ke5 66. g4 Ne2 67. Ra1 c1=Q+ 68. Rxc1 Nxc1 69. Kh6 Ne2 70. g5 Nf4 71. Kg7 Bg6 72. Kh6 Ke6 73. Kg7 Kf5 74. Kh6 Bh5 75. Kg7 Kxg5 76. Kf8 Kf6 77. Kg8 Bg6 78. Kh8 Bf7 79. Kh7 Ng6 80. Kh6 Bg8 81. Kh5 Ne5 82. Kh4 Kf5 83. Kg3 Bd5 84. Kf2 Ke4 85. Ke2 Nc4 86. Kd1 Kd3 87. Kc1 Kc3 88. Kb1 Na3+ 89. Ka1 Nc2+ 90. Kb1 Bc4 91. Kc1 Bb3 92. Kb1 1/2-1/2

[Event "GER-ch 71st"]
[Site "Altenkirchen"]
[Date "1999.11.18"]
[Round "7"]
[White "Von Herman, Ulf"]
[Black "Bastian, Herbert"]
[Result "1/2-1/2"]
[WhiteElo "2407"]
[BlackElo "2405"]
[EventDate "1999.11.12"]
[PlyCount "141"]

1. d4 Nf6 2. c4 g6 3. Nc3 Bg7 4. Nf3 O-O 5. Bg5 h6 6. Bh4 c5 7. d5 d6 8. e3 Na6 9. Nd2 Nc7 10. a4 a6 11. Be2 Rb8 12. a5 b5 13. axb6 Rxb6 14. Ra2 e6 15. O-O g5 16. Bg3 Nfe8 17. dxe6 Bxe6 18. Na4 Rb4 19. Ne4 Rxc4 20. Nxd6 Nxd6 21. Bxd6 Rd4 22. exd4 Qxd6 23. Ra1 Bxd4 24. Rc1 Rd8 25. Qc2 Nd5 26. Bc4 Nf4 27. Kh1 Bd7 28. f3 Re8 29. Nc3 Kg7 30. Rce1 Rb8 31. b3 Bc6 32. Ne2 Nxe2 33. Rxe2 a5 34. Rfe1 Rb7 35. Qf5 Bc3 36. Bd3 Qf6 37. Qh7+ Kf8 38. Rb1 Re7 39. Rxe7 Kxe7 40. Qf5 Qxf5 41. Bxf5 Bd4 42. Bd3 h5 43. Re1+ Kd6 44. Bc4 f6 45. Re6+ Kd7 46. h4 gxh4 47. Kh2 a4 48. bxa4 Bxa4 49. Ra6 Bc6 50. Ra2 Be5+ 51. Kg1 h3 52. gxh3 Bxf3 53. Kf2 Be4 54. h4 f5 55. Ra7+ Kd6 56. Ra6+ Kc7 57. Rh6 f4 58. Rxh5 Bd4+ 59. Kf1 Kd6 60. Rg5 f3 61. h5 Be3 62. Rg4 Ke5 63. Rh4 Bg5 64. Rg4 Be3 65. Rh4 Bh7 66. h6 Bg5 67. Rg4 Bf6 68. Kf2 Be4 69. h7 Bxh7 70. Kxf3 Bf5 71. Bg8 1/2-1/2

[Event "GER-ch 71st"]
[Site "Altenkirchen"]
[Date "1999.11.18"]
[Round "7"]
[White "Walter, Guenter"]
[Black "Osieka, Udo"]
[Result "1/2-1/2"]
[WhiteElo "2305"]
[BlackElo "2342"]
[EventDate "1999.11.12"]
[PlyCount "31"]

1. d4 Nf6 2. c4 g6 3. Nc3 d5 4. Bf4 Bg7 5. e3 c6 6. Nf3 O-O 7. Bd3 Be6 8. Qe2 c5 9. O-O cxd4 10. Nxd4 dxc4 11. Bxc4 Bxc4 12. Qxc4 Nbd7 13. Bg3 Rc8 14. Qe2 Qb6 15. Rac1 Nc5 16. Be5 1/2-1/2

[Event "GER-ch 71st"]
[Site "Altenkirchen"]
[Date "1999.11.19"]
[Round "8"]
[White "Bastian, Herbert"]
[Black "Voigt, Roland"]
[Result "0-1"]
[WhiteElo "2405"]
[BlackElo "2147"]
[EventDate "1999.11.12"]
[PlyCount "110"]

1. e4 c5 2. Nc3 d6 3. g3 g6 4. Bg2 Bg7 5. d3 Nc6 6. f4 e6 7. Nf3 Nge7 8. O-O Rb8 9. Rb1 b5 10. a3 O-O 11. Bd2 a5 12. a4 b4 13. Nb5 Nd4 14. c4 Nec6 15. Be3 Nxf3+ 16. Qxf3 Bd4 17. Nxd4 Nxd4 18. Qf2 Qf6 19. g4 Bd7 20. b3 Rbe8 21. Kh1 Kh8 22. g5 Qg7 23. e5 dxe5 24. fxe5 Qxe5 25. Bf4 Qf5 26. Be4 Bc6 27. Bxc6 Nxc6 28. Qe3 e5 29. Bg3 Qc8 30. Qxc5 Kg8 31. Rf6 Re6 32. Rbf1 Qa8 33. Kg1 Rxf6 34. Rxf6 Nd4 35. Bxe5 Nf3+ 36. Kf2 Nxe5 37. Qxe5 Re8 38. Qd5 Qa7+ 39. c5 Qe7 40. Rf3 h6 41. Kg3 hxg5 42. Rf2 Rd8 43. Qc4 Kg7 44. Kg2 f6 45. c6 Qe3 46. c7 Rh8 47. Qc2 Qh3+ 48. Kg1 Rc8 49. Qc4 Re8 50. Qc1 Qg4+ 51. Kh1 Qh3 52. Qf1 Qd7 53. Rxf6 Qxc7 54. Qf3 Qc1+ 55. Kg2 Qb2+ 0-1

[Event "GER-ch 71st"]
[Site "Altenkirchen"]
[Date "1999.11.19"]
[Round "8"]
[White "Bruch, Jochen"]
[Black "Seger, Ruediger"]
[Result "0-1"]
[WhiteElo "2320"]
[BlackElo "2412"]
[EventDate "1999.11.12"]
[PlyCount "88"]

1. Nf3 Nf6 2. g3 g6 3. Bg2 Bg7 4. O-O O-O 5. c4 d5 6. cxd5 Nxd5 7. Nc3 Nb6 8. d3 Nc6 9. Bd2 e5 10. Qc1 Re8 11. Ne4 Nd4 12. Re1 c6 13. Bg5 f6 14. Bh6 Bxh6 15. Qxh6 Nc2 16. Nh4 f5 17. Ng5 Re7 18. Ngf3 Qf8 19. Qd2 Nxa1 20. Rxa1 Qf6 21. Bf1 Be6 22. Qc3 Bd5 23. Nd2 Rf8 24. Ng2 e4 25. Qa3 exd3 26. exd3 Bxg2 27. Kxg2 a6 28. Rb1 Nd5 29. Qc5 Rfe8 30. Nf3 Kg7 31. a4 Rd8 32. a5 h5 33. Qc1 f4 34. Qc5 Rf8 35. Nd2 Qf5 36. Qd4+ Qe5 37. Qa4 fxg3 38. hxg3 Ref7 39. Ne4 Rxf2+ 40. Nxf2 Ne3+ 41. Kh1 Rxf2 42. Bh3 Qxg3 43. Qd4+ Kh7 44. Qd7+ Kh6 0-1

[Event "GER-ch 71st"]
[Site "Altenkirchen"]
[Date "1999.11.19"]
[Round "8"]
[White "Heinemann, Thies"]
[Black "Lutz, Christopher"]
[Result "1/2-1/2"]
[WhiteElo "2489"]
[BlackElo "2591"]
[EventDate "1999.11.12"]
[PlyCount "35"]

1. e4 c5 2. Nc3 Nc6 3. Nge2 g6 4. d4 cxd4 5. Nxd4 Bg7 6. Be3 Nf6 7. Nxc6 bxc6 8. e5 Ng8 9. Bd4 Qa5 10. e6 Nf6 11. exd7+ Bxd7 12. Bc4 Rd8 13. Qe2 Bg4 14. Qe5 Qxe5+ 15. Bxe5 O-O 16. O-O Nd5 17. Bxg7 Kxg7 18. Ne4 1/2-1/2

[Event "GER-ch 71st"]
[Site "Altenkirchen"]
[Date "1999.11.19"]
[Round "8"]
[White "Holzhaeuer, Mathias"]
[Black "Blum, Gernot"]
[Result "1-0"]
[WhiteElo "2334"]
[BlackElo "2128"]
[EventDate "1999.11.12"]
[PlyCount "47"]

1. e4 c5 2. Nf3 e6 3. c3 Nf6 4. e5 Nd5 5. d4 cxd4 6. cxd4 d6 7. a3 Nc6 8. Bd3 g6 9. O-O Bg7 10. Re1 O-O 11. Nc3 Nxc3 12. bxc3 dxe5 13. dxe5 Qa5 14. Rb1 Nxe5 15. Nxe5 Bxe5 16. Rb5 Qxc3 17. Rexe5 Rd8 18. Re3 Bd7 19. Bb2 Qc7 20. Qf3 Bxb5 21. Qf6 e5 22. Rxe5 Rd4 23. Rxb5 Rad8 24. Bxd4 1-0

[Event "GER-ch 71st"]
[Site "Altenkirchen"]
[Date "1999.11.19"]
[Round "8"]
[White "Janz, Frerik"]
[Black "Riediger, Martin"]
[Result "1-0"]
[WhiteElo "2284"]
[BlackElo "2230"]
[EventDate "1999.11.12"]
[PlyCount "51"]

1. d4 Nf6 2. c4 e6 3. Nc3 Bb4 4. f3 c5 5. d5 d6 6. e4 O-O 7. Bd3 Nbd7 8. Nge2 Ne5 9. O-O exd5 10. cxd5 Bd7 11. Bc2 c4 12. Be3 Rc8 13. h3 Re8 14. Ng3 Bc5 15. Bxc5 Rxc5 16. f4 Ng6 17. Qd4 Qa5 18. Rae1 Qc7 19. Kh2 b6 20. a3 Qd8 21. Re3 Qb8 22. e5 dxe5 23. fxe5 Nxe5 24. Rxf6 gxf6 25. Nce4 Qd8 26. Nh5 1-0

[Event "GER-ch 71st"]
[Site "Altenkirchen"]
[Date "1999.11.19"]
[Round "8"]
[White "Jussupow, Artur"]
[Black "Grund, Holger"]
[Result "1/2-1/2"]
[WhiteElo "2636"]
[BlackElo "2482"]
[EventDate "1999.11.12"]
[PlyCount "53"]

1. d4 d5 2. c4 dxc4 3. e3 Nf6 4. Bxc4 e6 5. Nf3 a6 6. O-O c5 7. Bb3 Nc6 8. Nc3 Be7 9. a3 O-O 10. dxc5 Qxd1 11. Rxd1 Bxc5 12. Bd2 Rd8 13. Na4 Ba7 14. Ba5 Rxd1+ 15. Rxd1 Nd7 16. Bc7 b5 17. Nc3 Bb8 18. Bd6 Na5 19. Ba2 Bxd6 20. Rxd6 Ra7 21. Ng5 Rc7 22. Rd2 h6 23. Nge4 Kf8 24. f4 Ke7 25. Nd6 Nb6 26. e4 Nac4 27. Nxc4 1/2-1/2

[Event "GER-ch 71st"]
[Site "Altenkirchen"]
[Date "1999.11.19"]
[Round "8"]
[White "Kaeser, Udo"]
[Black "Kersten, Uwe"]
[Result "1-0"]
[WhiteElo "2334"]
[BlackElo "2366"]
[EventDate "1999.11.12"]
[PlyCount "75"]

1. e4 c5 2. c3 Nf6 3. e5 Nd5 4. d4 cxd4 5. Nf3 e6 6. cxd4 b6 7. Nc3 Nxc3 8. bxc3 Qc7 9. Bd2 Bb7 10. Bd3 d6 11. O-O Nd7 12. Bf4 Be7 13. Re1 O-O 14. Re3 Bxf3 15. Qxf3 g6 16. exd6 Bxd6 17. Bxd6 Qxd6 18. h4 h5 19. g4 hxg4 20. Qxg4 Nf6 21. Qg5 Kg7 22. Rae1 Rae8 23. Rg3 Nh7 24. Qg4 Nf6 25. Qg5 Nh7 26. Qg4 Rg8 27. Re5 Nf8 28. h5 Rh8 29. hxg6 f5 30. Qf4 Qc6 31. d5 Qxc3 32. Bf1 Qa1 33. Rxf5 Kg8 34. g7 Rh1+ 35. Kxh1 Qxf1+ 36. Kh2 Ng6 37. Rf8+ Kh7 38. Rxg6 1-0

[Event "GER-ch 71st"]
[Site "Altenkirchen"]
[Date "1999.11.19"]
[Round "8"]
[White "Kaster, Martin"]
[Black "Rohde, Ulrich"]
[Result "0-1"]
[WhiteElo "2072"]
[BlackElo "2290"]
[EventDate "1999.11.12"]
[PlyCount "62"]

1. d4 Nf6 2. Nf3 e6 3. e3 g6 4. Bd3 Bg7 5. O-O O-O 6. b3 b6 7. Ba3 Re8 8. Nbd2 Bb7 9. c4 d6 10. Qc2 c5 11. Rad1 Qc7 12. e4 cxd4 13. Nxd4 a6 14. N2f3 Nbd7 15. Ne2 Rac8 16. Ng3 b5 17. Qd2 bxc4 18. Bxc4 d5 19. exd5 exd5 20. Be2 Ne4 21. Nxe4 dxe4 22. Ng5 Nb6 23. Bd6 Qc6 24. Rc1 Qd7 25. Rxc8 Rxc8 26. Rd1 h6 27. Nh3 Qc6 28. Bf1 Rd8 29. Bc4 Nxc4 30. bxc4 e3 31. fxe3 Rxd6 0-1